Duy trì và kiểm soát chất lượng hàng thủy sản xuất khẩu - Yếu tố then chốt giúp phát triển thương hiệu cho hàng thủy sản Việt Nam vào thị trường EU /
שמור ב:
| מחבר ראשי: | |
|---|---|
| פורמט: | Bài viết |
| שפה: | Vietnamese |
| נושאים: | |
| תגים: |
הוספת תג
אין תגיות, היה/י הראשונ/ה לתייג את הרשומה!
|
| Thư viện lưu trữ: | Thư viện Trường Đại học Đà Lạt |
|---|
| LEADER | 00961nam a2200265 4500 | ||
|---|---|---|---|
| 001 | DLU180184044 | ||
| 005 | ##20180320 | ||
| 040 | # | # | |a DLU |b vie |
| 041 | # | # | |a vie |
| 044 | # | # | |a vn |
| 100 | # | # | |a Trương Thị Thúy Bình. |
| 245 | # | # | |a Duy trì và kiểm soát chất lượng hàng thủy sản xuất khẩu - Yếu tố then chốt giúp phát triển thương hiệu cho hàng thủy sản Việt Nam vào thị trường EU / |c Trương Thị Thúy Bình. |
| 653 | # | # | |a Hàng thủy sản xuất khẩu |
| 653 | # | # | |a Kiểm soát chất lượng |
| 653 | # | # | |a Thị trường EU |
| 653 | # | # | |a Thương hiệu |
| 773 | # | # | |t Nghiên cứu Châu Âu |g Số 10(193), 2016, tr. 66-77 |
| 920 | # | # | |a Phòng Tạp chí -- Trung tâm Thông tin - Thư viện Trường Đại học Đà Lạt |
| 900 | # | # | |a True |
| 911 | # | # | |a Nguyễn Thị Thu Phương |
| 925 | # | # | |a G |
| 926 | # | # | |a A |
| 927 | # | # | |a BB |
| 980 | # | # | |a Thư viện Trường Đại học Đà Lạt |